[Event "Yingmei Cup CHN-chT 2017"]
[Site "?"]
[Date "2017.07.26"]
[Round "8"]
[White "Wan, Yunguo"]
[Black "Bu, Xiangzhi"]
[Result "1/2-1/2"]
[WhiteElo "2492"]
[BlackElo "2713"]
[Annotator "TA"]
[PlyCount "126"]
[EventDate "2017.??.??"]
[SourceTitle "Ningbo"]

1. e4 e5 2. Nf3 d6 3. d4 exd4 4. Nxd4 Nf6 5. Nc3 Be7 6. g3 O-O 7. Bg2 {C41:
Philidor Defence} Re8 8. O-O Bf8 9. Re1 (9. Bf4 Nbd7 10. Qd2 Ne5 11. Rad1 c6
12. h3 b5 13. b3 b4 14. Na4 c5 {1-0 (48) Vachier Lagrave,M (2731)-Rapport,R 
(2671) Biel 2015}) 9... c6 10. h3 Nbd7 {LiveBook: 12 Games} 11. b3 Nc5 12. Bb2
Bd7 $146 ({Predecessor:} 12... a5 13. a4 Qb6 14. Qd2 Bd7 {1-0 (24) McShane,L 
(2592)-Gheng,J (2335) Kuppenheim 2003}) 13. Qd2 Qc7 14. g4 h6 15. b4 Na6 16. a3
c5 17. bxc5 Nxc5 18. Rad1 Qb6 (18... Bc6 $5) 19. Ba1 Qa5 (19... Bc6 $5) 20. Nf5
Bxf5 21. exf5 Qxa3 22. Nd5 Ncd7 23. Nxf6+ Nxf6 24. Bxf6 gxf6 25. Bxb7 Rxe1+ 26.
Rxe1 Rb8 27. Bd5 {Threatens to win with Kg2.} Kg7 $2 {[#]} (27... Qxh3 $11 28.
Qd4 Rb5) 28. Kg2 $18 a5 (28... Qb4 {was called for.} 29. Qxb4 Rxb4) 29. Qd4 $2
(29. g5 $18 {and White stays clearly on top.} hxg5 30. c4) 29... Qc5 $16 30.
Qxc5 dxc5 {Endgame KRB-KRB} 31. Ra1 Rd8 32. c4 Bd6 33. Rxa5 Rd7 34. f4 Bxf4 35.
Rxc5 Ra7 36. Rb5 Bc7 (36... Kf8 $142 37. c5 Ke7) 37. Kf3 Kf8 38. Ke4 Ke7 39.
Rb7 Rxb7 40. Bxb7 {KB-KB} Kd6 41. Bd5 Kc5 42. Kf3 Ba5 43. Kf2 Kd4 44. Bxf7 Bb4
45. Bd5 Ke5 46. Bf7 (46. Ke3 $16) 46... Ke4 (46... Kd4 $11) 47. Ke2 Bd6 48.
Bd5+ Kd4 49. Kf3 Bb4 50. Ke2 Bd6 51. Kf3 Bb4 $1 52. h4 Be7 53. Bg8 Bd8 54. Bf7
(54. c5 $5) 54... Be7 55. Be6 Bd8 56. Kf4 Bc7+ $1 57. Kf3 Bd8 $1 58. g5 (58.
Bg8 $14) 58... fxg5 $11 {The position is equal.} 59. hxg5 hxg5 60. Kg4 Be7 61.
Kh5 Ke5 62. Kg6 g4 63. Bd5 g3 {Precision: White = 40%, Black = 63%.} 1/2-1/2

[Event "Yingmei Cup CHN-chT 2017"]
[Site "?"]
[Date "2017.07.26"]
[Round "8"]
[White "Lin, Chen"]
[Black "Li, Di"]
[Result "1/2-1/2"]
[WhiteElo "2475"]
[BlackElo "2485"]
[Annotator "TA"]
[PlyCount "80"]
[EventDate "2017.??.??"]
[SourceTitle "Ningbo"]

1. e4 e5 2. Nf3 Nc6 3. Bb5 a6 4. Ba4 Nf6 5. d4 exd4 6. O-O Be7 7. e5 Ne4 8. Re1
Nc5 9. Bxc6 dxc6 10. Nxd4 h5 $146 {C84: Closed Ruy Lopez: Unusual White 6th
moves} ({Find the theoretical novelty and annotate with similar games:} 10...
O-O 11. Nc3 f5 12. Nce2 Ne6 13. Qd3 Bc5 14. Rd1 Bxd4 15. Nxd4 Qxd4 16. Qxd4
Nxd4 17. Rxd4 Be6 18. Bf4 Rad8 19. Rad1 Rxd4 20. Rxd4 {1/2-1/2 (28) Savchenko,
B (2608)-Demchenko,A (2588) Nizhny Tagil 2014}) 11. Nc3 Ne6 12. Nf5 Qxd1 13.
Rxd1 h4 14. Nxe7 {The position is equal.} Kxe7 15. f4 Nf8 16. Be3 Bf5 17. Bc5+
Ke8 18. Bxf8 (18. Rd2 {keeps more tension.} Ne6 19. Be3 f6 20. exf6 gxf6 21.
Rad1) 18... Rxf8 19. Rd2 Ke7 20. Kf2 Rad8 21. Rad1 Rxd2+ 22. Rxd2 $11 {Endgame
KRB-KRN} g5 23. fxg5 Rg8 24. Ke3 Rxg5 25. Kf4 Rh5 26. Ne2 {[#] Strongly
threatening g4.} Be6 27. Nd4 c5 28. Nxe6 Kxe6 {KR-KR} 29. Kg4 Rh7 30. Re2 c4
31. c3 b5 32. a3 c5 33. h3 a5 34. Kg5 b4 35. a4 Rh8 36. Kg4 Rh6 37. Kg5 Rh7 38.
Kg4 Rh8 39. Kg5 Rh7 40. Kg4 Rh8 {Precision: White = 85%, Black = 84%.} 1/2-1/2

[Event "Yingmei Cup CHN-chT 2017"]
[Site "?"]
[Date "2017.07.26"]
[Round "8"]
[White "Huang, Qian"]
[Black "Zhao, Xue"]
[Result "0-1"]
[WhiteElo "2450"]
[BlackElo "2499"]
[Annotator "TA"]
[PlyCount "86"]
[EventDate "2017.??.??"]
[SourceTitle "Ningbo"]

1. d4 Nf6 2. c4 e6 3. Nf3 Bb4+ 4. Bd2 Qe7 5. g3 Nc6 6. Bg2 Bxd2+ 7. Nbxd2 d6 8.
O-O O-O 9. Re1 e5 {E11: Bogo-Indian} 10. d5 Nb8 11. e4 a5 {The position is
equal.} 12. b3 Na6 13. a3 Bd7 14. Rb1 (14. Bf1 c6 15. Rb1 cxd5 16. cxd5 Nc5 17.
Nh4 g6 {1-0 (45) Lei,T (2436)-Zhu,C (2461) Wuxi 2014}) 14... Rfc8 $146 ({
Predecessor:} 14... c6 15. Qe2 cxd5 16. cxd5 Nc5 17. Rec1 Rac8 {1/2-1/2 (55)
Molnar,L (2247)-Balogh,L (2240) Eger 2009}) 15. Qe2 Rab8 16. Rec1 c6 17. Ne1
cxd5 18. cxd5 Nc5 19. b4 axb4 (19... Na4 $5) 20. axb4 Na4 {Strongly
threatening ...Nc3.} 21. Qe3 Qd8 22. Nc4 Bb5 23. Na3 Be8 24. Nc4 Rc7 25. b5
Rbc8 $36 {Black has the initiative.} 26. Bf1 Rc5 (26... Ng4 $5 27. Qb3 Nb6 $11)
27. Qa3 (27. b6 $11) 27... Ra8 $1 $15 28. Qe3 Rxb5 29. Ra1 Rc5 30. Nd3 Rc7 31.
f3 Rac8 32. Ndb2 Nxb2 33. Nxb2 Rxc1 34. Rxc1 Rxc1 35. Qxc1 b5 36. Kg2 h6 37.
Qc3 g5 38. Qb3 (38. h3 $17) 38... Qa5 {Hoping for ...Qd2+.} 39. Qc2 (39. g4 $17
{keeps fighting.}) 39... g4 $19 40. fxg4 Qb4 41. Bd3 Nxg4 42. Nd1 Qe1 $2 {[#]}
({Black should play} 42... Bd7 $19 {Threatening ...Kg7.} 43. h3 Nf6) 43. Qe2 $2
{[#]} (43. Bxb5 $1 $11 Nf6 (43... Bxb5 44. Qc8+) 44. Bc6) 43... Qxd1 $1 {
Precision: White = 42%, Black = 68%.} 0-1

[Event "Yingmei Cup CHN-chT 2017"]
[Site "?"]
[Date "2017.07.26"]
[Round "8"]
[White "Bodnaruk, Anastasia"]
[Black "Wang, Jue"]
[Result "0-1"]
[WhiteElo "2443"]
[BlackElo "2335"]
[Annotator "TA"]
[PlyCount "121"]
[EventDate "2017.??.??"]
[SourceTitle "Ningbo"]

1. e4 c5 2. Nf3 d6 3. d4 cxd4 4. Nxd4 Nf6 5. Nc3 a6 6. g3 e6 7. Bg2 Be7 8. O-O
O-O 9. Be3 Qc7 10. g4 Nc6 {B80: Sicilian Scheveningen: 6 g3 and 6 Be3,
including English Attack} (10... Re8 11. g5 Nfd7 12. f4 Bf8 13. h4 Nc6 14. h5
Nxd4 15. Qxd4 b5 16. Rad1 Bb7 17. Qd2 Rad8 18. Qf2 {0-1 (36) Muzychuk,M (2554)
-Bruzon Batista,L (2666) Gibraltar 2016}) 11. g5 Nd7 12. f4 Nxd4 {White has an
edge.} 13. Qxd4 e5 14. Qd2 {Black must now prevent Nd5.} exf4 15. Bxf4 {
Strongly threatening Nd5.} Nb6 16. b3 Bg4 $146 ({Find the theoretical novelty
and annotate with similar games:} 16... Be6 17. Ne2 Nd7 18. Nd4 {1/2-1/2 (44)
Oparin,G (2546)-Nasuta,G (2339) Riga 2014}) 17. Nd1 f6 18. gxf6 (18. Ne3 {
feels hotter.} fxg5 19. Bg3 Rxf1+ 20. Rxf1 Be6 21. Nf5) 18... Bxf6 19. Rc1 Be5
20. Bxe5 Rxf1+ 21. Kxf1 dxe5 22. Nf2 (22. Ne3 $5 Rd8 23. Qb4 $11) 22... Be6 23.
Rd1 Nd7 $36 {White is under pressure.} 24. Qd6 Qxd6 25. Rxd6 Kf7 26. Rd2 Ke7
27. Nd3 Rc8 28. a4 a5 29. Ke2 g5 30. Nf2 Rc3 31. Bf3 Nf6 32. Nd3 g4 33. Bg2 Nh5
34. Nxe5 Nf4+ 35. Kf1 (35. Kf2 $15) 35... h5 36. Rf2 Kd6 37. Nf7+ Bxf7 38. Rxf4
$15 {Endgame KRB-KRB} Be6 39. Rf2 Ke5 {Black has compensation.} 40. Ke1 h4 41.
Kd2 Rc7 42. Rf8 h3 (42... Rf7 $17 43. Rxf7 Bxf7) 43. Bh1 (43. Bf1 $1 $15) 43...
Rg7 ({Black should play} 43... Rf7 $1 $17 44. Rxf7 Bxf7) 44. Rf1 (44. Re8 $15)
44... g3 $19 45. hxg3 Rxg3 46. Ke2 Bg4+ $1 47. Kd2 b6 $1 48. c3 Be6 49. Kc2 Re3
50. Kd2 $1 Rg3 51. Kc2 $1 {[#]} Rg4 (51... Rg7 $1 $19 52. Kd2 Rg3) 52. b4 {[#]}
(52. Kd2 $17 {keeps fighting.}) 52... Rf4 $1 53. Rxf4 $2 (53. Rg1) 53... Kxf4 {
KB-KB} 54. Kd3 h2 55. bxa5 bxa5 {Black mates.} 56. Ke2 Kg3 57. e5 Bh3 58. e6
Bxe6 59. Kd3 Bh3 60. c4 Bg2 61. Kd4 {Precision: White = 37%, Black = 79%.} 0-1

[Event "Yingmei Cup CHN-chT 2017"]
[Site "?"]
[Date "2017.07.26"]
[Round "8"]
[White "Wang, Yiye"]
[Black "Naiditsch, Arkadij"]
[Result "1/2-1/2"]
[WhiteElo "2425"]
[BlackElo "2712"]
[Annotator "TA"]
[PlyCount "136"]
[EventDate "2017.??.??"]
[SourceTitle "Ningbo"]

1. d4 Nf6 2. Nf3 g6 3. g3 Bg7 4. Bg2 O-O 5. O-O d6 6. c4 Nbd7 7. Nc3 e5 8. Qc2
Re8 9. Rd1 c6 10. dxe5 dxe5 11. Ng5 Qe7 12. Nge4 {E67: King's Indian:
Fianchetto: 6...Nbd7} Nc5 {LiveBook: 6 Games} 13. Bg5 Bf5 14. Qc1 {The
position is equal.} Rad8 (14... Ncxe4 {feels hotter.} 15. Nxe4 Rad8 16. Qe3
Bxe4 17. Qxe4 Nxe4 18. Bxe7 Rxd1+ 19. Rxd1 Rxe7 20. Bxe4 f5) (14... Ncxe4 15.
Nxe4 Rad8 16. Bxf6 Bxf6 17. Nxf6+ Qxf6 18. Qc3 h5 19. h4 Bg4 {0-1 (31) Horvath,
C (2517)-Rapport,R (2693) Hungary 2016}) 15. Qe3 Bxe4 $146 ({Predecessor:} 
15... Ncxe4 16. Nxe4 Bxe4 17. Bxe4 Qb4 18. b3 Rd4 {1-0 (58) Dalinger,V (2180)
-Strube,F (2200) Germany 1997}) 16. Bxf6 Bxf6 17. Nxe4 Nxe4 18. Qxe4 Qb4 19.
Qf3 Be7 20. Qb3 Qxb3 21. axb3 a6 22. Kf1 f5 23. e3 Kf7 24. Ke2 Ke6 25. Rxd8
Rxd8 $15 {Endgame KRB-KRB} 26. Rd1 Rb8 27. Kd3 h5 28. h4 e4+ 29. Kc2 Bd6 30.
Bf1 a5 31. Be2 Ra8 32. Ra1 Bc5 33. Rd1 Ke7 34. Ra1 Kd6 35. Rd1+ Kc7 36. Ra1 Bd6
37. Kc3 Kb6 38. Kc2 Kc5 39. Ra4 {[#] Hoping for b4+!} Ra6 40. Ra3 Bc7 41. Ra4
Bb6 42. Bf1 Bd8 43. Be2 Bb6 44. Bf1 $1 Ra7 $1 45. b4+ axb4 46. Rxa7 Bxa7 {KB-KB
} 47. b3 Kd6 48. Kd1 Ke5 49. Ke2 c5 50. f4+ exf3+ 51. Kxf3 Bb8 52. Bd3 Kf6 53.
Be2 Be5 {Black is slightly better.} 54. Bd3 b6 55. Bc2 Bc3 56. Ke2 Ke5 57. Bd3
Kd6 58. Kf2 Bf6 59. Kf3 Ke5 60. Bc2 g5 61. hxg5 Bxg5 62. Bd3 h4 63. gxh4 Bxh4
64. Ke2 Bg5 65. Kd2 Bh6 66. Bf1 Kf6 67. Bg2 Kg5 68. Bc6 Kg4 {Precision: White
= 76%, Black = 71%.} 1/2-1/2

[Event "Yingmei Cup CHN-chT 2017"]
[Site "?"]
[Date "2017.07.26"]
[Round "8"]
[White "Ding, Yixin"]
[Black "Ju, Wenjun"]
[Result "1/2-1/2"]
[WhiteElo "2420"]
[BlackElo "2596"]
[Annotator "TA"]
[PlyCount "150"]
[EventDate "2017.??.??"]
[SourceTitle "Ningbo"]

1. e4 e5 2. Nf3 Nc6 3. Nc3 Nf6 4. d4 exd4 5. Nxd4 Bb4 6. Nxc6 bxc6 7. Bd3 O-O
8. O-O Re8 9. Qf3 Rb8 10. Bg5 {[%emt 0:00:04] C7: Scotch Four Knights and Four
Knights with 4 g3} (10. h3 Bd6 11. Rb1 Be5 12. Bf4 d6 13. Bxe5 Rxe5 14. b3 Nd7
15. Na4 Qg5 16. Qe2 Qf4 17. g3 Qh6 {0-1 (40) Karjakin,S (2762)-Aronian,L (2784)
Berlin 2015}) 10... Bd6 11. Bxf6 Qxf6 12. Qxf6 gxf6 {LiveBook: 4 Games} 13. Na4
$146 ({Predecessor:} 13. Rab1 Be5 14. Na4 d5 15. f3 a5 16. Kh1 h5 17. b3 h4 {
0-1 (65) Ding,Y (2426)-Khotenashvili,B (2493) China 2016}) 13... Be5 14. Rae1
d5 15. b3 Be6 16. h3 Bd6 17. Re3 Re7 18. Rfe1 Bd7 19. R3e2 Rbe8 20. exd5 cxd5
21. Rxe7 Bxe7 22. Nc3 c6 23. Kf1 Kg7 24. Ne2 Bd6 25. Nd4 Re5 26. Nf3 (26. g4 {
is more complex.} c5 27. Nf5+ Bxf5 28. Bxf5 d4 29. Rc1) 26... Rxe1+ 27. Kxe1
$11 {Endgame KBB-KBN} f5 28. Ba6 c5 29. Bb7 Be6 30. Ke2 Kf6 31. Nd2 h6 32. Nb1
Be5 33. Na3 Bb8 34. Nb5 Ke5 35. Nc3 f4 36. f3 Bc7 37. Nb5 Bb6 38. a4 f6 39. a5
Bxa5 40. Nxa7 {[#] aiming for Nc6+.} Bb6 41. Nb5 Bf7 42. Bc6 Ba5 43. Bb7 Be6
44. Na7 {[#] And now Nc6+ would win.} Bb6 45. Nb5 c4 46. bxc4 dxc4 47. Bc6 Bf5
48. Kd1 Ba5 49. Be8 Be6 50. Bc6 Bf7 51. Ke2 Bg6 52. Kd1 h5 53. Bd7 Kd5 54. c3
h4 55. Kd2 Bb6 56. Na3 Bd3 57. Be8 Bf2 58. Nc2 Bf1 59. Bd7 Bxg2 (59... Ke5 $17)
60. Ke2 $1 {The position is equal.} Bb6 61. Ne1 Bh1 62. Be8 Ba5 63. Kd2 Kc5 64.
Bd7 Kd6 65. Bb5 Kc5 66. Bd7 Kd5 67. Be8 Bb6 68. Bf7+ Kc5 69. Ke2 $1 Kb5 (69...
Ba5 $5 70. Kd2 Bc7 $17) 70. Be8+ Kc5 71. Bf7 Bc7 (71... Ba5 $5 72. Kd2 Bc7 $17)
72. Be6 Be5 73. Kd2 Kb5 (73... f5 $5) 74. Bd7+ Kc5 75. Be6 Kb5 {Precision:
White = 73%, Black = 59%.} 1/2-1/2

[Event "Yingmei Cup CHN-chT 2017"]
[Site "?"]
[Date "2017.07.26"]
[Round "8"]
[White "Zhang, Xiaowen"]
[Black "Wang, Doudou"]
[Result "1/2-1/2"]
[WhiteElo "2345"]
[BlackElo "2207"]
[Annotator "TA"]
[PlyCount "60"]
[EventDate "2017.??.??"]
[SourceTitle "Ningbo"]

1. e4 d5 2. exd5 Qxd5 3. Nc3 Qd6 4. d4 Nf6 5. Nf3 c6 6. g3 {B01: Scandinavian
Defence} (6. Ne5 Nbd7 7. Nc4 Qc7 8. a4 Nd5 9. Bd3 g6 10. Qf3 N7f6 11. Nxd5 Nxd5
12. O-O Bg7 13. c3 O-O 14. Qg3 Qxg3 15. hxg3 {1/2-1/2 (28) Caruana,F (2808)
-Carlsen,M (2857) Baku 2016}) 6... Bg4 7. Bg2 e6 8. O-O Qc7 9. h3 Bxf3 10. Qxf3
Nbd7 {LiveBook: 3 Games} 11. Re1 Be7 12. b3 $146 ({Predecessor:} 12. Bf4 Qb6
13. Qd3 O-O {1-0 (55) Kovacevic,A (2555)-Milanovic,D (2493) Vogosca 2007})
12... O-O 13. Bb2 Rad8 14. Rad1 Rfe8 15. Ne4 Nxe4 16. Qxe4 Nf6 17. Qf3 Rd7 18.
c4 Red8 19. Rd3 Ne8 20. Red1 Bf6 21. Bc3 Nd6 22. Qf4 Nf5 {Threatening ...Qxf4.}
23. Qxc7 Rxc7 24. Ba5 b6 25. Bc3 h6 26. Kf1 Kf8 27. f4 c5 28. d5 Bxc3 29. Rxc3
exd5 30. Bxd5 Nd4 {Precision: White = 59%, Black = 83%.} 1/2-1/2

[Event "Yingmei Cup CHN-chT 2017"]
[Site "?"]
[Date "2017.07.26"]
[Round "8"]
[White "Zhang, Ziji"]
[Black "Wen, Yang"]
[Result "0-1"]
[WhiteElo "2318"]
[BlackElo "2613"]
[Annotator "TA"]
[PlyCount "82"]
[EventDate "2017.??.??"]
[SourceTitle "Ningbo"]

1. d4 Nf6 2. c4 e6 3. Nf3 d5 4. Nc3 a6 5. cxd5 exd5 6. Bg5 {[%emt 0:00:05] D37:
Queen's Gambit Declined: Bf4} (6. Qb3 b5 7. Bg5 Be6 8. Qc2 Nbd7 9. e3 c5 10.
dxc5 Bxc5 11. Bd3 h6 12. Bh4 Rc8 13. O-O O-O {1/2-1/2 (39) Gelfand,B (2728)
-Mamedyarov,S (2800) Geneve 2017}) 6... Be6 7. e3 Nbd7 8. Bd3 Bd6 9. Qc2 c6 {
LiveBook: 3 Games} 10. Bf4 $146 ({Predecessor:} 10. O-O Qc7 11. Ne2 Bg4 12. Ng3
h6 13. Bxf6 Nxf6 {1/2-1/2 (34) Sturua,Z (2555)-Lupulescu,C (2631) Minsk 2017})
10... Qc7 11. Bxd6 Qxd6 12. Ng5 Bg4 13. h3 Bh5 14. g4 Bg6 15. O-O-O Qe7 16. Nf3
O-O-O ({Black should play} 16... Bxd3 $11 17. Qxd3 Ne4) 17. Nd2 Kb8 18. Kb1 Rc8
19. Rc1 Rhd8 20. Bf5 Ne8 21. h4 Nd6 22. Bd3 Qe6 23. g5 Rh8 (23... c5 $5 24.
Bxg6 fxg6 $11) 24. Ne2 Qe7 25. Nf4 Nf8 26. Nxg6 hxg6 27. Nb3 Ne6 28. Nc5 Rh7
29. Qb3 (29. f3 $11) 29... Nxc5 $17 30. Rxc5 Ne4 {[#] aiming for ...Nd2+.} 31.
Rc2 Ka7 32. f4 Rch8 33. Rhc1 Rxh4 34. a3 Rh3 35. Bf1 (35. Qa4 $17) 35... Rh2
$36 {White is under strong pressure.} 36. Bg2 Nd6 37. Ka1 $2 (37. Qb4 {was
called for.}) 37... Nf5 $19 38. Rxc6 bxc6 39. Rxc6 {[#] Threatening mate with
Qb6+.} Qb7 ({Worse is} 39... Rxg2 40. Qb6+ Ka8 41. Qxa6+ Qa7 42. Rc8+ Rxc8 43.
Qxc8+ Qb8 44. Qa6+ Qa7 45. Qc8+ Qb8 46. Qa6+ Qa7 47. Qc8+ $11) 40. Qc3 (40.
Qxd5 $142 Rxg2 41. Qc5+ Ka8 42. Rb6) 40... Rxg2 41. Rc7 {Strongly threatening
Qc5+.} Rh1+ {Precision: White = 36%, Black = 48%.} 0-1

[Event "Yingmei Cup CHN-chT 2017"]
[Site "?"]
[Date "2017.07.26"]
[Round "8"]
[White "Xiao, Yiyi"]
[Black "Girya, Olga"]
[Result "1/2-1/2"]
[WhiteElo "2290"]
[BlackElo "2502"]
[Annotator "TA"]
[PlyCount "48"]
[EventDate "2017.??.??"]
[SourceTitle "Ningbo"]

1. c4 e6 2. Nf3 d5 3. g3 Nf6 4. Bg2 Be7 5. O-O O-O 6. d4 Nbd7 7. Qc2 c6 8. Nbd2
b6 9. e4 dxc4 10. Nxc4 Bb7 11. Rd1 c5 12. Nfe5 {[%emt 0:00:08] E09: Closed
Catalan: Main Line: 7 Qc2 c6 Nbd2} (12. e5 Nd5 13. dxc5 Nxc5 14. Rd4 b5 15. Ne3
Nd7 16. Qe2 Qb6 17. Rg4 f5 18. exf6 N7xf6 19. Nxd5 Bxd5 20. Be3 Qb7 21. Rd4
Rae8 22. Ne1 {1/2-1/2 (22) Zeng,C (2522)-Xu,Y (2454) Zhongshan 2015}) 12...
cxd4 13. Rxd4 Qc7 {LiveBook: 3 Games. The position is equal.} 14. Bf4 {[#]
Threatens to win with Nxd7.} Nxe5 15. Bxe5 Qc6 16. Qd2 $146 ({Find the
theoretical novelty and annotate with similar games:} 16. Qe2 Rfd8 17. Rad1
Rxd4 18. Rxd4 Rd8 19. Rxd8+ Bxd8 {1/2-1/2 (31) Aghayev,N (2340)-Hasanzade,T 
(2377) Baku 2017}) 16... Bc5 17. Bxf6 {Qg5! would kill now.} Bxd4 18. Bxd4 {
Hoping for Qe2.} Qxc4 {[#]} 19. Bxg7 $1 Kxg7 20. Qg5+ Kh8 21. Qf6+ Kg8 22. Qg5+
Kh8 23. Qf6+ Kg8 24. Qg5+ Kh8 1/2-1/2

[Event "Yingmei Cup CHN-chT 2017"]
[Site "?"]
[Date "2017.07.26"]
[Round "8"]
[White "Yao, Lan"]
[Black "Tan, Zhongyi"]
[Result "0-1"]
[WhiteElo "2273"]
[BlackElo "2508"]
[Annotator "TA"]
[PlyCount "106"]
[EventDate "2017.??.??"]
[SourceTitle "Ningbo"]

1. e4 e5 2. Nf3 Nc6 3. Bb5 a6 4. Ba4 Nf6 5. d3 d6 6. c3 Be7 7. O-O O-O 8. Re1
b5 9. Bc2 Bb7 {C84: Closed Ruy Lopez: Unusual White 6th moves} (9... d5 10.
Nbd2 d4 11. Nb3 Bg4 12. h3 Bh5 13. cxd4 exd4 14. Bf4 Bb4 15. Nbd2 Qd7 16. a3
Be7 17. g4 Nxg4 18. hxg4 Qxg4+ {1-0 (38) Anand,V (2786)-Aronian,L (2793)
Leuven 2017}) 10. a4 Nb8 {LiveBook: 3 Games} 11. Nbd2 Nbd7 {White has an edge.}
12. Nf1 Re8 13. Ng3 g6 {[#]} 14. Bg5 $146 ({Find the theoretical novelty and
annotate with similar games:} 14. d4 Bf8 15. Bd3 c6 16. b3 Qc7 17. Bb2 {
0-1 (44) Alsina Leal, D (2531)-Erdogdu,M (2426) Barcelona 2015}) 14... c5 15.
Qd2 Qc7 16. axb5 axb5 17. Rxa8 Rxa8 18. Nh4 Nf8 19. Nf3 Ne6 20. Bh6 Ng4 21. Be3
({Better is} 21. Bg5 $15) 21... Nxe3 22. fxe3 (22. Qxe3 $15 Ra2 23. Rb1) 22...
c4 $17 23. d4 Ng5 24. Nxg5 Bxg5 25. Qe2 Bh4 26. Qg4 Bxg3 27. Qxg3 Ra2 28. Rb1 {
[#]} (28. dxe5 $17 dxe5 29. Rb1) 28... b4 $1 $19 29. cxb4 c3 30. Qe1 Rxb2 31.
Qc1 (31. Rc1 $142) 31... Rxb1 32. Qxb1 exd4 33. exd4 Qb6 34. Qd1 Qxb4 35. h3 (
35. Kf2 $142) 35... Qb2 36. Kh1 d5 37. exd5 Bxd5 38. Kh2 $2 (38. Kg1) 38...
Qb8+ 39. Kg1 Qg3 40. Qe2 h5 41. Bb1 h4 42. Bc2 Kg7 43. Bb1 Qf4 44. Qd3 Qg5 45.
Qf1 Qe3+ 46. Kh2 Qxd4 47. Bd3 Be4 48. Bxe4 Qxe4 {KQ-KQ} 49. Qc1 Qe5+ (49... c2
$142 50. Qd2 Qe5+ 51. g3 Qxg3+ 52. Kh1 Qf3+ 53. Kh2 Qd1 54. Qc3+ Kh7 55. Qc7
Qd2+ 56. Kh1 c1=Q+ 57. Qxc1 Qxc1+ 58. Kg2 Qe3 59. Kh2 Qg3+ 60. Kh1 Qxh3+ 61.
Kg1 Qf3 62. Kh2 h3 63. Kg1 Qg2#) 50. Kh1 Qd4 {Black mates.} 51. Kh2 Qd6+ 52.
Kh1 Qd2 53. Qa1 Qb2 {Precision: White = 22%, Black = 72%.} 0-1

[Event "Yingmei Cup CHN-chT 2017"]
[Site "?"]
[Date "2017.07.26"]
[Round "8"]
[White "Ren, Xiaoyi"]
[Black "Yuan, Ye"]
[Result "0-1"]
[WhiteElo "2262"]
[BlackElo "2306"]
[Annotator "TA"]
[PlyCount "90"]
[EventDate "2017.??.??"]
[SourceTitle "Ningbo"]

1. d4 d5 2. c4 e6 3. Nf3 c6 4. e3 Bd6 5. Nbd2 f5 6. Ne5 {D30: Queen's Gambit
Declined: Systems without Nc3} Nf6 7. Bd3 O-O 8. b3 Ne4 9. O-O Nd7 10. Bb2 {
LiveBook: 21 Games} Nxd2 11. Qxd2 Nxe5 12. dxe5 Bc5 $146 ({Find the
theoretical novelty and annotate with similar games:} 12... Be7 13. Qc2 Bd7 14.
c5 Qe8 15. Bd4 Qh5 16. f4 Rf7 17. Rf3 g5 {0-1 (54) Sasikiran,K (2664)-Suvrajit,
S (2390) Mumbai 2003}) 13. Qc2 {aiming for cxd5.} b6 14. Rad1 Qe7 15. Bd4 Bd7
16. f4 Rac8 17. Be2 Kh8 18. Bxc5 Qxc5 19. Rd4 b5 20. Rc1 (20. b4 $5 Qe7 21. c5
$14) 20... bxc4 21. bxc4 Qa5 22. c5 Rb8 23. Ra4 Qc7 24. Qc3 Rb7 25. Ba6 Rbb8
26. Qa3 Rg8 27. Bd3 Rb7 28. Ba6 Rbb8 29. h4 h6 30. Qc3 Qd8 31. Bd3 Rb7 32. Rb1
Rxb1+ 33. Bxb1 Qxh4 34. Rxa7 Be8 (34... Rb8 $11 35. Bd3 Be8) 35. Qd2 g5 {
[#] White must now prevent ...g4.} 36. Qf2 {Hoping for Qxh4.} Qg4 37. Bc2 (37.
Bd3 $5 Qd1+ 38. Bf1 $14) 37... d4 38. exd4 $40 {Re7 is the strong threat.
White mounts an attack.} gxf4 39. Ra3 Bh5 40. Kh2 {With the idea Rf3.} Qg5 {
Threatens to win with ...f3!} 41. Ra7 $2 (41. Qd2 $11 {and White is okay.})
41... Bg4 42. Ra3 {intending Ba4.} Qh5+ 43. Kg1 f3 44. g3 {[#]} f4 $1 45. Qh2 (
45. gxf4 Bf5+) 45... Bh3 {Precision: White = 31%, Black = 54%.} 0-1

[Event "Yingmei Cup CHN-chT 2017"]
[Site "?"]
[Date "2017.07.26"]
[Round "8"]
[White "Peng, Hongchi"]
[Black "Zhao, Jun"]
[Result "0-1"]
[WhiteElo "2210"]
[BlackElo "2616"]
[Annotator "TA"]
[PlyCount "72"]
[EventDate "2017.??.??"]
[SourceTitle "Ningbo"]

1. e4 g6 2. c4 e5 3. Nf3 Bg7 4. d4 exd4 5. Nxd4 Nc6 (5... Nf6 6. Nc3 O-O 7. Be2
Re8 8. f3 c6 9. Bg5 Qb6 10. Qd2 d5 11. cxd5 Nxe4 12. Nxe4 cxd5 13. Be3 dxe4 14.
Nb5 Qf6 15. Nc7 Rd8 16. Bg5 Rxd2 17. Bxf6 {1/2-1/2 (72) Lenderman, A (2618)-So,
W (2773) Saint Louis 2016}) 6. Nc2 {A10: English Opening: Unusual Replies for
Black} d6 {LiveBook: 3 Games} 7. g3 Be6 8. Nc3 {Black is slightly better.} Qd7
$146 ({Predecessor:} 8... Nf6 9. Ne3 O-O 10. Bg2 Nd7 11. Bd2 Nde5 12. b3 Nd3+
13. Ke2 Nc5 14. Kf1 Qd7 {0-1 (42) Muhtarov,L (2230)-Hribar,B (2210) Bled 1997})
9. Nd5 O-O-O 10. h4 Bg4 11. f3 Be6 12. Nce3 Nge7 13. Nf4 $1 Kb8 14. Kf2 Bd4 15.
Rb1 f5 $36 {Strongly threatening ...fxe4. Black has some pressure.} 16. Bh3 (
16. b4 $1 $15) 16... Bxc4 $1 $17 17. Kg2 Bxa2 18. Ra1 Bf7 19. Qa4 (19. exf5 {
was necessary.} Nxf5 20. Nxf5 gxf5 21. Qd3) 19... Bb6 $19 20. Nc4 Bxc4 21. Qxc4
d5 22. Nxd5 Nxd5 23. Rd1 Na5 24. Qf1 Qf7 25. exd5 Nb3 26. Ra3 Nxc1 27. Rxc1
Qxd5 28. Rc2 Rhe8 29. Kh2 {[#]} f4 $1 30. gxf4 Qd4 31. Qc1 Re7 32. Rg2 (32. Kg3
$142) 32... c6 33. b3 Qf6 34. Ra4 Qxh4 35. Re4 Rxe4 36. fxe4 Rd3 {Precision:
White = 22%, Black = 82%.} 0-1

[Event "Yingmei Cup CHN-chT 2017"]
[Site "?"]
[Date "2017.07.26"]
[Round "8"]
[White "Zhu, Jiner"]
[Black "Ni, Shiqun"]
[Result "0-1"]
[WhiteElo "2154"]
[BlackElo "2450"]
[Annotator "TA"]
[PlyCount "78"]
[EventDate "2017.??.??"]
[SourceTitle "Ningbo"]

1. e4 e5 2. Nf3 Nf6 3. Nxe5 d6 4. Nf3 Nxe4 5. Nc3 Nxc3 6. dxc3 Be7 7. Be3 Nc6
8. Qd2 Ne5 {C42: Petroff Defence: 3 Nxe5 and unusual White 3rd moves} 9. O-O-O
Nxf3 10. gxf3 Be6 11. Bd4 Rg8 12. Rg1 g6 {LiveBook: 3 Games} 13. Qh6 $146 ({
Predecessor:} 13. c4 Qd7 14. b3 c5 15. Bb2 O-O-O 16. Qh6 {1/2-1/2 (28) Wang,H 
(2715)-Li,C (2613) China 2010}) 13... Qd7 $1 14. b3 a6 15. Qxh7 O-O-O 16. Qh6
g5 ({Black should play} 16... d5 $11) 17. Bd3 $14 Bf8 18. Qh7 Be7 19. Qh6 Bf8
$1 20. Qh7 Be7 21. c4 d5 22. c5 f6 $1 23. c6 Ba3+ 24. Kb1 Qxc6 25. Bxf6 $2 {[#]
} (25. Rde1 $11 {and White has nothing to worry.} Bd7 26. h4) 25... Rd7 $19 26.
Qh6 (26. Qh5 {was the only defense.} Bf7 27. Qh6) 26... Bf8 27. Qh5 {
Threatening mate with Qe8+.} Bf7 28. Qg4 {Hoping for Bf5.} Qxf6 29. Bf5 {[#]}
Qd8 (29... Bg7 $1 $19 30. Bxd7+ Kb8) 30. c4 $2 (30. f4 $17) 30... Bg6 {aiming
for ...Qf6.} 31. Rxd5 Bxf5+ 32. Qxf5 Bd6 33. c5 Rf8 ({Not} 33... Bxh2 34. Rh1
$15) 34. Qh3 Bf4 35. Rgd1 Rff7 36. Qe6 (36. c6 $142 bxc6 37. R5d4) 36... c6 {
Black is clearly winning.} 37. R5d3 Rfe7 38. Rxd7 Rxd7 ({Stronger than} 38...
Rxe6 39. Rxd8+ Kc7 40. R1d7#) 39. h4 Kc7 {Precision: White = 45%, Black = 68%.}
0-1